A to Z in 10 seconds!! - Statistics

General Stats
  • This quiz has been taken 234 times
  • The average score is 24 of 26
Answer Stats
A to Z % Correct
A
99%
E
97%
I
97%
O
97%
B
96%
C
96%
D
96%
G
96%
F
95%
H
95%
T
95%
P
94%
Q
94%
R
94%
Z
94%
J
93%
K
93%
L
93%
N
93%
S
93%
Y
93%
M
92%
U
92%
W
92%
V
91%
X
91%
No matching quizzes found
Score Distribution
Percent of People with Each Score
Percentile by Number Answered
Your Score History
You have not taken this quiz